000 00233nam a2200121Ia 4500
100 _a#N/A
650 _aGeneral
942 _cBK
654 _apersomality
245 _aPersonality Development
260 _b#N/A
546 _aENGLISH
999 _c21082
_d21082